Audit quality determinants and their effect on earnings management during the global financial crisis /
محفوظ في:
| المؤلف الرئيسي: | |
|---|---|
| التنسيق: | أطروحة |
| اللغة: | English |
| منشور في: |
Kuala Lumpur :
Kulliyyah of Islamic Revealed Knowledge and Human Sciences, International Islamic University Malaysia,
2013
|
| الموضوعات: | |
| الوصول للمادة أونلاين: | Click here to view 1st 24 pages of the thesis. Members can view fulltext at the specified PCs in the library. |
| الوسوم: |
إضافة وسم
لا توجد وسوم, كن أول من يضع وسما على هذه التسجيلة!
|
| LEADER | 015170000a22002650004500 | ||
|---|---|---|---|
| 008 | 140121t2013 my a g m 000 0 eng d | ||
| 040 | |a UIAM |b eng | ||
| 041 | |a eng | ||
| 043 | |a a-my--- | ||
| 050 | 0 | 0 | |a HF5667 |
| 100 | 1 | |a Ayedh, Abdullah Mohammed | |
| 245 | 1 | |a Audit quality determinants and their effect on earnings management during the global financial crisis / |c by Abdullah Mohammed Ayedh | |
| 260 | |a Kuala Lumpur : |b Kulliyyah of Islamic Revealed Knowledge and Human Sciences, International Islamic University Malaysia, |c 2013 | ||
| 300 | |a xxii, 363 leaves : |b ill. ; |c 30cm. | ||
| 502 | |a Thesis (Ph.D)--International Islamic University Malaysia, 2013. | ||
| 504 | |a Includes bibliographical references (leaves 301-317) | ||
| 596 | |a 1 | ||
| 655 | 7 | |a Theses, IIUM local | |
| 690 | |a Dissertations, Academic |x Kulliyyah of Economics and Management Sciences |z IIUM | ||
| 710 | 2 | |a International Islamic University Malaysia, |b Kulliyyah of Economics and Management Sciences | |
| 856 | 4 | |u http://studentrepo.iium.edu.my/handle/123456789/3005 |z Click here to view 1st 24 pages of the thesis. Members can view fulltext at the specified PCs in the library. | |
| 900 | |a sbh-ls-naw | ||
| 999 | |c 437025 |d 470042 | ||
| 952 | |0 0 |6 T HF 005667 A976A 2013 |7 0 |8 THESES |9 759477 |a IIUM |b IIUM |c MULTIMEDIA |g 0.00 |o t HF 5667 A976A 2013 |p 00011301557 |r 2017-10-19 |t 1 |v 0.00 |y THESIS | ||
| 952 | |0 0 |6 TS CDF HF 5667 A976A 2013 |7 0 |8 THESES |9 851760 |a IIUM |b IIUM |c MULTIMEDIA |g 0.00 |o ts cdf HF 5667 A976A 2013 |p 00011301558 |r 2017-10-26 |t 1 |v 0.00 |y THESISDIG | ||
